00538nam a22001337a 450000500170000000800410001702000180005804000130007608200170008910000550010624501880016126000440034930000110039320250909102948.0250909b |||||||| |||| 00| 0 eng d a9789694164281 cPK-LaUMT a297.4bSOH-S aSohail Umar, Muhammad = سہیل عمر، محمد aSero safar hamara = سیر و سفر ہمارا :btabsaray۔ tazkaray۔ guftguen = تبصر۔ تذکرے۔ گفتگوئیں /cby Muhammad Sohail Umar = محمد سہیل عمر aLahore :bIqbal Academy Pakistan,c2009 a256 p.